00465nam a2200157Ia 4500008004100000020001300041082001500054100002300069245004100092250000800133260004800141300002800189500001900217600002100236650005000257240925s9999 xx 000 0 und d a24154652 a004.68 STA aStallings, William 0aLocal and Metropolitan Area Networks a4th aNew York:bMacmillian Publishing Coc,1993. axvi,550p.bNAfOriginal aIncludes Index aComputer Science aComputer science, information & general works